[Event "DEM U12w 2025"]
[Site "Willingen GER"]
[Date "2025.06.11"]
[Round "6"]
[White "Lüken, Juliane"]
[Black "Vasilieva, Victoria"]
[Result "0-1"]
[Termination "normal"]
[Board "21"]
[WhiteElo "987"]
[BlackElo "1554"]
[WhiteClock "01:02:37"]
[BlackClock "00:51:58"]
[PlyCount "140"]
[WhiteFideId "533043485"]
[BlackFideId "533007071"]
[EventCountry "GER"]
[EventRounds "9"]
[EventType "swiss"]
[EventDate "2025.06.07"]

1. d4 {[%clk 01:30:56]} {[%emt 00:00:01]} d5 {[%clk 01:30:53]} {[%emt
00:00:08]} 2. Bf4 {[%clk 01:31:18]} {[%emt 00:00:08]} Nf6 {[%clk 01:31:13]}
{[%emt 00:00:12]} 3. Nf3 {[%clk 01:31:37]} {[%emt 00:00:11]} e6 {[%clk
01:31:29]} {[%emt 00:00:13]} 4. e3 {[%clk 01:31:57]} {[%emt 00:00:11]} Bd6
{[%clk 01:31:47]} {[%emt 00:00:11]} 5. Ne5 {[%clk 01:31:41]} {[%emt 00:00:47]}
Nbd7 {[%clk 01:31:31]} {[%emt 00:00:45]} 6. Nd2 {[%clk 01:31:44]} {[%emt
00:00:28]} O-O {[%clk 01:31:04]} {[%emt 00:00:57]} 7. h3 {[%clk 01:31:56]}
{[%emt 00:00:17]} c6 {[%clk 01:31:01]} {[%emt 00:00:33]} 8. Ndf3 {[%clk
01:31:33]} {[%emt 00:00:54]} Qc7 {[%clk 01:30:02]} {[%emt 00:01:28]} 9. Bd3
{[%clk 01:30:28]} {[%emt 00:01:35]} b6 {[%clk 01:29:02]} {[%emt 00:01:31]} 10.
O-O {[%clk 01:30:24]} {[%emt 00:00:32]} c5 {[%clk 01:28:38]} {[%emt 00:00:55]}
11. Nxd7 {[%clk 01:29:14]} {[%emt 00:01:41]} Bxd7 {[%clk 01:26:49]} {[%emt
00:02:19]} 12. Bxd6 {[%clk 01:29:23]} {[%emt 00:00:20]} Qxd6 {[%clk 01:27:06]}
{[%emt 00:00:13]} 13. Ne5 {[%clk 01:29:29]} {[%emt 00:00:24]} Rac8 {[%clk
01:26:16]} {[%emt 00:01:15]} 14. c3 {[%clk 01:29:27]} {[%emt 00:00:38]} c4
{[%clk 01:25:08]} {[%emt 00:01:37]} 15. Bc2 {[%clk 01:29:24]} {[%emt 00:00:33]}
b5 {[%clk 01:24:32]} {[%emt 00:01:06]} 16. a4 {[%clk 01:29:15]} {[%emt
00:00:40]} b4 {[%clk 01:22:45]} {[%emt 00:02:17]} 17. a5 {[%clk 01:27:31]}
{[%emt 00:02:07]} Rb8 {[%clk 01:18:31]} {[%emt 00:04:49]} 18. Ba4 {[%clk
01:26:45]} {[%emt 00:01:16]} Bxa4 {[%clk 01:16:20]} {[%emt 00:02:42]} 19. Qxa4
{[%clk 01:25:36]} {[%emt 00:01:39]} Rb7 {[%clk 01:13:43]} {[%emt 00:03:05]} 20.
Nc6 {[%clk 01:24:18]} {[%emt 00:01:51]} bxc3 {[%clk 01:12:44]} {[%emt
00:01:28]} 21. bxc3 {[%clk 01:24:09]} {[%emt 00:00:38]} Ne4 {[%clk 01:12:36]}
{[%emt 00:00:38]} 22. Rfc1 {[%clk 01:23:11]} {[%emt 00:01:22]} Rc8 {[%clk
01:10:19]} {[%emt 00:02:47]} 23. Ne5 {[%clk 01:23:07]} {[%emt 00:00:41]} Rb3
{[%clk 01:09:24]} {[%emt 00:01:21]} 24. Nd7 {[%clk 01:17:57]} {[%emt 00:05:40]}
Nxc3 {[%clk 01:07:58]} {[%emt 00:02:01]} 25. Rxc3 {[%emt 00:01:24]} Rxc3 {[%clk
01:08:01]} {[%emt 00:00:20]} 26. Rb1 {[%clk 01:16:59]} {[%emt 00:00:41]} h6
{[%clk 01:04:07]} {[%emt 00:04:24]} 27. Ra1 {[%clk 01:11:11]} {[%emt 00:06:18]}
Rd3 {[%clk 01:03:00]} {[%emt 00:01:35]} 28. Ne5 {[%clk 01:10:04]} {[%emt
00:01:33]} Rd2 {[%clk 01:02:01]} {[%emt 00:01:33]} 29. Rb1 {[%clk 01:08:18]}
{[%emt 00:02:08]} c3 {[%clk 00:57:47]} {[%emt 00:04:54]} 30. Rc1 {[%clk
01:06:03]} {[%emt 00:02:44]} f6 {[%clk 00:54:03]} {[%emt 00:04:15]} 31. Nf3
{[%clk 01:05:36]} {[%emt 00:00:40]} Qc6 {[%clk 00:51:45]} {[%emt 00:03:02]} 32.
Qxc6 {[%clk 01:05:31]} {[%emt 00:00:38]} Rxc6 {[%clk 00:52:10]} {[%emt
00:00:05]} 33. Nxd2 {[%clk 01:05:38]} {[%emt 00:00:23]} cxd2 {[%clk 00:52:33]}
{[%emt 00:00:07]} 34. Rxc6 {[%clk 01:05:16]} {[%emt 00:00:51]} d1=Q+ {[%clk
00:52:51]} {[%emt 00:00:12]} 35. Kh2 {[%clk 01:05:20]} {[%emt 00:00:07]} Qf1
{[%clk 00:53:05]} {[%emt 00:00:32]} 36. f4 {[%clk 01:04:44]} {[%emt 00:01:08]}
Qe1 {[%clk 00:53:20]} {[%emt 00:00:14]} 37. Rxe6 {[%clk 01:04:44]} {[%emt
00:00:33]} Qxa5 {[%clk 00:53:39]} {[%emt 00:00:12]} 38. Re8+ {[%clk 01:04:57]}
{[%emt 00:00:18]} Kf7 {[%clk 00:53:58]} {[%emt 00:00:09]} 39. Ra8 {[%clk
01:04:45]} {[%emt 00:00:40]} Qb6 {[%clk 00:54:12]} {[%emt 00:00:15]} 40. Rc8
{[%clk 01:04:02]} {[%emt 00:01:13]} a5 {[%clk 00:53:18]} {[%emt 00:01:27]} 41.
Ra8 {[%clk 01:03:41]} {[%emt 00:00:50]} Qb4 {[%clk 00:53:27]} {[%emt 00:00:17]}
42. Ra7+ {[%clk 01:03:48]} {[%emt 00:00:27]} Kg6 {[%clk 00:53:46]} {[%emt
00:00:12]} 43. Kg3 {[%clk 01:03:46]} {[%emt 00:00:32]} a4 {[%clk 00:52:41]}
{[%emt 00:01:36]} 44. Kg4 {[%clk 01:02:38]} {[%emt 00:01:36]} a3 {[%clk
00:52:22]} {[%emt 00:00:50]} 45. Kh4 {[%clk 01:01:21]} {[%emt 00:01:44]} Qb2
{[%clk 00:52:12]} {[%emt 00:00:38]} 46. Ra5 {[%clk 01:01:26]} {[%emt 00:00:29]}
a2 {[%clk 00:52:30]} {[%emt 00:00:13]} 47. Rxd5 {[%clk 01:01:28]} {[%emt
00:00:28]} a1=Q {[%clk 00:52:37]} {[%emt 00:00:22]} 48. f5+ {[%clk 01:01:32]}
{[%emt 00:00:26]} Kh7 {[%clk 00:52:58]} {[%emt 00:00:10]} 49. g3 {[%clk
01:01:38]} {[%emt 00:00:23]} g5+ {[%clk 00:52:46]} {[%emt 00:00:43]} 50. Kh5
{[%clk 01:01:49]} {[%emt 00:00:18]} Qe2+ {[%clk 00:52:36]} {[%emt 00:00:39]}
51. g4 {[%clk 01:02:00]} {[%emt 00:00:19]} Qh1 {[%clk 00:52:41]} {[%emt
00:00:24]} 52. Rd7+ {[%clk 01:01:52]} {[%emt 00:00:43]} Kg8 {[%clk 00:52:49]}
{[%emt 00:00:18]} 53. Rd8+ {[%clk 01:02:00]} {[%emt 00:00:25]} Kf7 {[%clk
00:53:07]} {[%emt 00:00:09]} 54. Rd7+ {[%clk 01:01:31]} {[%emt 00:01:03]} Ke8
{[%clk 00:53:28]} {[%emt 00:00:07]} 55. Rh7 {[%clk 01:00:52]} {[%emt 00:01:07]}
Qxh3+ {[%clk 00:53:27]} {[%emt 00:00:34]} 56. Kg6 {[%clk 01:01:12]} {[%emt
00:00:11]} Qexe3 {[%clk 00:51:44]} {[%emt 00:02:10]} 57. Rh8+ {[%clk 01:01:19]}
{[%emt 00:00:21]} Kd7 {[%clk 00:52:05]} {[%emt 00:00:11]} 58. Rh7+ {[%clk
01:00:59]} {[%emt 00:00:49]} Qe7 {[%clk 00:50:03]} {[%emt 00:02:34]} 59. Rg7
{[%clk 01:00:52]} {[%emt 00:00:31]} Qxg7+ {[%clk 00:49:51]} {[%emt 00:00:50]}
60. Kxg7 {[%clk 01:01:08]} {[%emt 00:00:13]} Qxg4 {[%clk 00:50:08]} {[%emt
00:00:12]} 61. Kxf6 {[%clk 01:01:19]} {[%emt 00:00:19]} h5 {[%clk 00:50:03]}
{[%emt 00:00:37]} 62. Kg6 {[%clk 01:01:35]} {[%emt 00:00:13]} h4 {[%clk
00:50:17]} {[%emt 00:00:16]} 63. f6 {[%clk 01:01:58]} {[%emt 00:00:07]} Qf4
{[%clk 00:50:37]} {[%emt 00:00:08]} 64. f7 {[%clk 01:02:00]} {[%emt 00:00:29]}
h3 {[%clk 00:50:56]} {[%emt 00:00:12]} 65. Kg7 {[%clk 01:02:14]} {[%emt
00:00:16]} h2 {[%clk 00:51:21]} {[%emt 00:00:05]} 66. f8=Q {[%emt 00:00:47]}
Qxf8 {[%clk 00:51:33]} {[%emt 00:00:13]} 67. Kxf8 {[%clk 01:02:30]} {[%emt
00:00:03]} h1=Q {[%clk 00:51:52]} {[%emt 00:00:10]} 68. Kf7 {[%clk 01:02:44]}
{[%emt 00:00:16]} Qh6 {[%clk 00:51:51]} {[%emt 00:00:27]} 69. d5 {[%clk
01:02:49]} {[%emt 00:00:29]} Kc7 {[%clk 00:51:45]} {[%emt 00:00:35]} 70. Ke7
{[%clk 01:02:37]} {[%emt 00:00:43]} g4 {[%clk 00:51:58]} {[%emt 00:00:18]} 0-1

[Event "DEM U12w 2025"]
[Site "Willingen GER"]
[Date "2025.06.11"]
[Round "6"]
[White "Ebel, Io Cornelia"]
[Black "Subocz, Emma"]
[Result "0-1"]
[Termination "normal"]
[Board "22"]
[WhiteElo "982"]
[BlackElo "1270"]
[WhiteClock "00:00:48"]
[BlackClock "00:35:55"]
[PlyCount "62"]
[WhiteFideId "533043469"]
[BlackFideId "41805666"]
[EventCountry "GER"]
[EventRounds "9"]
[EventType "swiss"]
[EventDate "2025.06.07"]

1. e4 {[%clk 01:30:58]} {[%emt 00:00:01]} c5 {[%clk 01:30:52]} {[%emt
00:00:08]} 2. Nf3 {[%clk 01:31:12]} {[%emt 00:00:15]} d6 {[%clk 01:31:14]}
{[%emt 00:00:09]} 3. d4 {[%clk 01:31:10]} {[%emt 00:00:30]} cxd4 {[%clk
01:31:37]} {[%emt 00:00:09]} 4. Qxd4 {[%clk 01:31:12]} {[%emt 00:00:28]} Nc6
{[%clk 01:31:47]} {[%emt 00:00:20]} 5. Qa4 {[%clk 01:31:08]} {[%emt 00:00:34]}
Nf6 {[%clk 01:31:01]} {[%emt 00:01:16]} 6. Nc3 {[%clk 01:30:24]} {[%emt
00:01:12]} g6 {[%clk 01:26:21]} {[%emt 00:05:11]} 7. Be3 {[%clk 01:21:16]}
{[%emt 00:09:36]} a6 {[%clk 01:23:12]} {[%emt 00:03:42]} 8. Bd3 {[%clk
01:17:48]} {[%emt 00:03:55]} Bg7 {[%clk 01:22:07]} {[%emt 00:01:37]} 9. O-O
{[%clk 01:15:30]} {[%emt 00:02:49]} O-O {[%clk 01:21:30]} {[%emt 00:01:07]} 10.
Bc4 {[%clk 01:10:39]} {[%emt 00:05:20]} Bd7 {[%clk 01:20:13]} {[%emt 00:01:48]}
11. Qb3 {[%clk 01:07:17]} {[%emt 00:03:48]} Na5 {[%clk 01:15:49]} {[%emt
00:04:57]} 12. Qb4 {[%clk 00:56:48]} {[%emt 00:10:52]} Nxc4 {[%clk 01:15:10]}
{[%emt 00:01:16]} 13. Qxc4 {[%clk 00:55:37]} {[%emt 00:01:42]} Qa5 {[%clk
01:06:08]} {[%emt 00:09:32]} 14. Rfd1 {[%clk 00:41:59]} {[%emt 00:13:57]} Rac8
{[%clk 01:01:21]} {[%emt 00:05:27]} 15. Qd4 {[%clk 00:38:33]} {[%emt 00:03:38]}
Ng4 {[%clk 00:59:20]} {[%emt 00:02:50]} 16. e5 {[%clk 00:33:46]} {[%emt
00:05:08]} Nxe5 {[%clk 00:57:01]} {[%emt 00:02:57]} 17. Nxe5 {[%clk 00:29:11]}
{[%emt 00:05:05]} Bxe5 {[%clk 00:56:11]} {[%emt 00:01:22]} 18. Qd5 {[%clk
00:26:41]} {[%emt 00:02:45]} Qxd5 {[%clk 00:56:11]} {[%emt 00:00:44]} 19. Nxd5
{[%clk 00:26:39]} {[%emt 00:00:31]} Rxc2 {[%clk 00:52:44]} {[%emt 00:03:58]}
20. Nxe7+ {[%clk 00:26:42]} {[%emt 00:00:27]} Kg7 {[%clk 00:52:00]} {[%emt
00:01:13]} 21. Bd4 {[%clk 00:21:55]} {[%emt 00:05:15]} Bxd4 {[%clk 00:48:13]}
{[%emt 00:04:20]} 22. Rxd4 {[%clk 00:21:53]} {[%emt 00:00:32]} Rxb2 {[%clk
00:46:18]} {[%emt 00:02:24]} 23. Rxd6 {[%clk 00:21:13]} {[%emt 00:01:10]} Be6
{[%clk 00:45:34]} {[%emt 00:01:13]} 24. h4 {[%clk 00:17:04]} {[%emt 00:04:39]}
Bxa2 {[%clk 00:44:39]} {[%emt 00:01:27]} 25. Rad1 {[%clk 00:14:40]} {[%emt
00:02:42]} Re8 {[%clk 00:43:04]} {[%emt 00:02:17]} 26. Re1 {[%clk 00:12:24]}
{[%emt 00:02:45]} Be6 {[%clk 00:37:12]} {[%emt 00:06:23]} 27. f4 {[%clk
00:08:29]} {[%emt 00:04:21]} Kf8 {[%clk 00:35:42]} {[%emt 00:02:04]} 28. Nd5
{[%clk 00:00:58]} {[%emt 00:07:59]} Bxd5 {[%clk 00:35:28]} {[%emt 00:00:46]}
29. Rxe8+ {[%clk 00:00:52]} {[%emt 00:00:35]} Kxe8 {[%clk 00:35:43]} {[%emt
00:00:15]} 30. Rxd5 {[%clk 00:01:06]} {[%emt 00:00:16]} Ke7 {[%clk 00:35:49]}
{[%emt 00:00:24]} 31. Re5+ {[%clk 00:00:48]} {[%emt 00:00:48]} Kf6 {[%clk
00:35:55]} {[%emt 00:00:24]} 0-1

[Event "DEM U12w 2025"]
[Site "Willingen GER"]
[Date "2025.06.13"]
[Round "8"]
[White "Shynkar, Daria"]
[Black "Huang, Flora Yueya"]
[Result "0-1"]
[Termination "normal"]
[Board "1"]
[WhiteElo "1733"]
[BlackElo "1652"]
[WhiteClock "00:33:10"]
[BlackClock "00:33:41"]
[PlyCount "90"]
[WhiteFideId "34163212"]
[BlackFideId "533015651"]
[EventCountry "GER"]
[EventRounds "9"]
[EventType "swiss"]
[EventDate "2025.06.07"]

1. d4 {[%clk 01:30:58]} {[%emt 00:00:02]} d5 {[%clk 01:30:56]} {[%emt
00:00:05]} 2. c4 {[%clk 01:31:24]} {[%emt 00:00:04]} e6 {[%clk 01:31:22]}
{[%emt 00:00:04]} 3. Nc3 {[%clk 01:31:49]} {[%emt 00:00:05]} c6 {[%clk
01:31:47]} {[%emt 00:00:05]} 4. e3 {[%clk 01:32:10]} {[%emt 00:00:09]} Nf6
{[%clk 01:32:09]} {[%emt 00:00:08]} 5. b3 {[%clk 01:32:08]} {[%emt 00:00:32]}
Nbd7 {[%clk 01:31:42]} {[%emt 00:00:57]} 6. Bb2 {[%clk 01:29:42]} {[%emt
00:02:56]} Bd6 {[%clk 01:30:09]} {[%emt 00:02:03]} 7. Nf3 {[%clk 01:29:08]}
{[%emt 00:01:04]} b6 {[%clk 01:27:37]} {[%emt 00:03:02]} 8. Bd3 {[%clk
01:24:10]} {[%emt 00:05:28]} Bb7 {[%clk 01:25:47]} {[%emt 00:02:20]} 9. Nd2
{[%clk 01:19:00]} {[%emt 00:05:40]} c5 {[%clk 01:18:13]} {[%emt 00:08:05]} 10.
cxd5 {[%clk 01:17:11]} {[%emt 00:02:18]} Nxd5 {[%clk 01:15:27]} {[%emt
00:03:16]} 11. Nde4 {[%clk 01:11:26]} {[%emt 00:06:14]} N7f6 {[%clk 01:06:49]}
{[%emt 00:09:08]} 12. Bb5+ {[%clk 01:07:55]} {[%emt 00:04:02]} Ke7 {[%clk
01:06:55]} {[%emt 00:00:23]} 13. Nxf6 {[%clk 01:07:10]} {[%emt 00:01:16]} Nxf6
{[%clk 01:07:01]} {[%emt 00:00:24]} 14. f3 {[%clk 01:06:07]} {[%emt 00:01:33]}
a6 {[%clk 01:06:00]} {[%emt 00:01:31]} 15. Bd3 {[%clk 01:04:55]} {[%emt
00:01:40]} cxd4 {[%clk 01:05:23]} {[%emt 00:01:08]} 16. exd4 {[%clk 01:04:57]}
{[%emt 00:00:29]} Bb4 {[%clk 01:02:23]} {[%emt 00:03:30]} 17. a3 {[%clk
01:04:01]} {[%emt 00:01:26]} Bd6 {[%clk 01:01:05]} {[%emt 00:01:48]} 18. Be4
{[%clk 00:55:22]} {[%emt 00:09:08]} Qc7 {[%clk 00:56:47]} {[%emt 00:04:48]} 19.
Rc1 {[%clk 00:53:56]} {[%emt 00:01:56]} Qd7 {[%clk 00:55:28]} {[%emt 00:01:49]}
20. Qe2 {[%clk 00:46:57]} {[%emt 00:07:29]} Rhe8 {[%clk 00:53:56]} {[%emt
00:02:03]} 21. Na4 {[%clk 00:45:51]} {[%emt 00:01:36]} Bxe4 {[%clk 00:48:33]}
{[%emt 00:05:53]} 22. fxe4 {[%clk 00:45:53]} {[%emt 00:00:28]} Bc7 {[%clk
00:46:11]} {[%emt 00:02:51]} 23. O-O {[%clk 00:42:43]} {[%emt 00:03:40]} b5
{[%clk 00:40:48]} {[%emt 00:05:53]} 24. Nc5 {[%clk 00:42:08]} {[%emt 00:01:06]}
Qd8 {[%clk 00:41:08]} {[%emt 00:00:09]} 25. e5 {[%clk 00:41:18]} {[%emt
00:01:21]} Ng8 {[%clk 00:39:41]} {[%emt 00:01:56]} 26. Qh5 {[%clk 00:40:36]}
{[%emt 00:01:12]} Nh6 {[%clk 00:39:11]} {[%emt 00:01:00]} 27. Qg5+ {[%clk
00:40:53]} {[%emt 00:00:12]} Kf8 {[%clk 00:39:31]} {[%emt 00:00:11]} 28. Nxe6+
{[%clk 00:41:18]} {[%emt 00:00:06]} Rxe6 {[%clk 00:39:35]} {[%emt 00:00:25]}
29. Qxd8+ {[%clk 00:39:42]} {[%emt 00:02:08]} Bxd8 {[%clk 00:39:55]} {[%emt
00:00:11]} 30. d5 {[%clk 00:40:03]} {[%emt 00:00:09]} Re8 {[%clk 00:39:27]}
{[%emt 00:00:57]} 31. d6 {[%clk 00:38:47]} {[%emt 00:01:46]} Ra7 {[%clk
00:36:46]} {[%emt 00:03:12]} 32. Bd4 {[%clk 00:37:24]} {[%emt 00:01:53]} Rd7
{[%clk 00:37:00]} {[%emt 00:00:16]} 33. Rce1 {[%clk 00:36:40]} {[%emt
00:01:13]} Re6 {[%clk 00:37:25]} {[%emt 00:00:05]} 34. Rc1 {[%clk 00:36:30]}
{[%emt 00:00:40]} Ng4 {[%clk 00:37:13]} {[%emt 00:00:42]} 35. Rc5 {[%clk
00:36:10]} {[%emt 00:00:49]} Ke8 {[%clk 00:35:27]} {[%emt 00:02:17]} 36. h3
{[%clk 00:36:16]} {[%emt 00:00:24]} Nh6 {[%clk 00:35:27]} {[%emt 00:00:31]} 37.
Rc6 {[%clk 00:35:56]} {[%emt 00:00:49]} a5 {[%clk 00:35:37]} {[%emt 00:00:21]}
38. Rc5 {[%clk 00:35:57]} {[%emt 00:00:27]} Rb7 {[%clk 00:35:36]} {[%emt
00:00:32]} 39. Rd5 {[%emt 00:01:33]} f6 {[%clk 00:34:15]} {[%emt 00:01:50]} 40.
Rd1 {[%clk 00:34:18]} {[%emt 00:01:07]} Kd7 {[%clk 00:32:56]} {[%emt 00:01:49]}
41. g4 {[%clk 00:34:05]} {[%emt 00:00:43]} Nf7 {[%clk 00:33:06]} {[%emt
00:00:20]} 42. Rf1 {[%clk 00:32:58]} {[%emt 00:01:37]} Nxe5 {[%clk 00:32:44]}
{[%emt 00:00:52]} 43. Bxe5 {[%clk 00:33:14]} {[%emt 00:00:15]} Rxe5 {[%clk
00:33:00]} {[%emt 00:00:14]} 44. Rxe5 {[%clk 00:33:21]} {[%emt 00:00:23]} fxe5
{[%clk 00:33:27]} {[%emt 00:00:03]} 45. Rf7+ {[%clk 00:33:10]} {[%emt
00:00:41]} Kc6 {[%clk 00:33:41]} {[%emt 00:00:16]} 0-1

[Event "DEM U12w 2025"]
[Site "Willingen GER"]
[Date "2025.06.13"]
[Round "8"]
[White "Bayer, Klara"]
[Black "Schirmbeck, Lilian"]
[Result "1/2-1/2"]
[Termination "normal"]
[Board "2"]
[BlackTitle "WCM"]
[WhiteElo "1678"]
[BlackElo "1712"]
[WhiteClock "00:33:23"]
[BlackClock "00:15:35"]
[PlyCount "60"]
[WhiteFideId "34658955"]
[BlackFideId "34620532"]
[EventCountry "GER"]
[EventRounds "9"]
[EventType "swiss"]
[EventDate "2025.06.07"]

1. c4 {[%clk 01:30:58]} {[%emt 00:00:01]} Nf6 {[%clk 01:29:42]} {[%emt
00:01:18]} 2. g3 {[%clk 01:31:10]} {[%emt 00:00:18]} c5 {[%clk 01:27:31]}
{[%emt 00:02:41]} 3. Bg2 {[%clk 01:31:07]} {[%emt 00:00:32]} e5 {[%clk
01:26:45]} {[%emt 00:01:17]} 4. Nc3 {[%clk 01:29:57]} {[%emt 00:01:41]} Nc6
{[%clk 01:26:13]} {[%emt 00:01:03]} 5. d3 {[%clk 01:29:13]} {[%emt 00:01:12]}
Be7 {[%clk 01:22:30]} {[%emt 00:04:12]} 6. Nf3 {[%clk 01:24:48]} {[%emt
00:04:56]} O-O {[%clk 01:17:55]} {[%emt 00:05:06]} 7. O-O {[%clk 01:24:39]}
{[%emt 00:00:39]} d6 {[%clk 01:09:36]} {[%emt 00:08:49]} 8. Bd2 {[%clk
01:23:45]} {[%emt 00:01:23]} Be6 {[%clk 01:08:07]} {[%emt 00:01:59]} 9. Ng5
{[%clk 01:21:02]} {[%emt 00:03:13]} Qd7 {[%clk 01:03:13]} {[%emt 00:05:24]} 10.
Nxe6 {[%clk 01:19:38]} {[%emt 00:01:55]} fxe6 {[%clk 01:03:07]} {[%emt
00:00:35]} 11. Qa4 {[%clk 01:10:21]} {[%emt 00:09:47]} Rac8 {[%clk 00:56:28]}
{[%emt 00:07:09]} 12. Rac1 {[%clk 01:07:05]} {[%emt 00:03:46]} a6 {[%clk
00:49:13]} {[%emt 00:07:46]} 13. a3 {[%clk 01:01:58]} {[%emt 00:05:37]} Nd4
{[%clk 00:44:02]} {[%emt 00:05:40]} 14. Qxd7 {[%clk 00:57:04]} {[%emt
00:05:24]} Nxd7 {[%clk 00:44:24]} {[%emt 00:00:09]} 15. Be3 {[%clk 00:51:49]}
{[%emt 00:05:44]} Nb3 {[%clk 00:42:47]} {[%emt 00:02:07]} 16. Rcd1 {[%clk
00:51:56]} {[%emt 00:00:22]} Rc7 {[%clk 00:42:20]} {[%emt 00:00:57]} 17. Bh3
{[%clk 00:49:57]} {[%emt 00:02:30]} Kf7 {[%clk 00:41:15]} {[%emt 00:01:35]} 18.
f4 {[%clk 00:43:43]} {[%emt 00:06:43]} exf4 {[%clk 00:35:44]} {[%emt 00:06:02]}
19. Bxf4 {[%clk 00:43:46]} {[%emt 00:00:27]} Nf6 {[%clk 00:35:54]} {[%emt
00:00:21]} 20. Ne4 {[%clk 00:43:25]} {[%emt 00:00:51]} Nd4 {[%clk 00:30:38]}
{[%emt 00:05:45]} 21. Nxd6+ {[%clk 00:39:02]} {[%emt 00:04:56]} Kg8 {[%clk
00:29:00]} {[%emt 00:02:07]} 22. Rf2 {[%clk 00:39:08]} {[%emt 00:00:24]} Rd7
{[%clk 00:28:43]} {[%emt 00:00:49]} 23. e3 {[%clk 00:38:45]} {[%emt 00:00:51]}
Bxd6 {[%clk 00:25:06]} {[%emt 00:04:07]} 24. exd4 {[%clk 00:38:57]} {[%emt
00:00:18]} Bxf4 {[%clk 00:24:28]} {[%emt 00:01:08]} 25. Bxe6+ {[%clk 00:39:12]}
{[%emt 00:00:15]} Kh8 {[%clk 00:24:14]} {[%emt 00:00:44]} 26. Rxf4 {[%clk
00:39:13]} {[%emt 00:00:29]} Rxd4 {[%clk 00:23:10]} {[%emt 00:01:34]} 27. Rxd4
{[%clk 00:39:33]} {[%emt 00:00:10]} cxd4 {[%clk 00:23:39]} {[%emt 00:00:01]}
28. Rf1 {[%clk 00:39:48]} {[%emt 00:00:14]} Re8 {[%clk 00:22:42]} {[%emt
00:01:28]} 29. Bf5 {[%clk 00:36:37]} {[%emt 00:03:41]} g5 {[%clk 00:16:47]}
{[%emt 00:06:25]} 30. h4 {[%clk 00:33:23]} {[%emt 00:03:44]} h6 {[%clk
00:15:35]} {[%emt 00:01:39]} 1/2-1/2

[Event "DEM U12w 2025"]
[Site "Willingen GER"]
[Date "2025.06.13"]
[Round "8"]
[White "Tu, Tiffany"]
[Black "Chen, Yuefan"]
[Result "1/2-1/2"]
[Termination "normal"]
[Board "3"]
[WhiteElo "1709"]
[BlackElo "1754"]
[WhiteClock "00:08:34"]
[BlackClock "00:29:23"]
[PlyCount "66"]
[WhiteFideId "34628576"]
[BlackFideId "34653910"]
[EventCountry "GER"]
[EventRounds "9"]
[EventType "swiss"]
[EventDate "2025.06.07"]

1. e4 {[%clk 01:30:58]} {[%emt 00:00:01]} c5 {[%clk 01:30:55]} {[%emt
00:00:05]} 2. Nf3 {[%clk 01:31:23]} {[%emt 00:00:05]} e6 {[%clk 01:31:07]}
{[%emt 00:00:19]} 3. d4 {[%clk 01:31:40]} {[%emt 00:00:12]} cxd4 {[%clk
01:31:30]} {[%emt 00:00:08]} 4. Nxd4 {[%clk 01:32:00]} {[%emt 00:00:10]} Nc6
{[%clk 01:31:51]} {[%emt 00:00:09]} 5. Nc3 {[%clk 01:32:17]} {[%emt 00:00:12]}
a6 {[%clk 01:32:12]} {[%emt 00:00:10]} 6. g4 {[%clk 01:32:28]} {[%emt
00:00:18]} Bc5 {[%clk 01:31:06]} {[%emt 00:01:37]} 7. Nb3 {[%clk 01:32:04]}
{[%emt 00:00:54]} Ba7 {[%clk 01:29:24]} {[%emt 00:02:12]} 8. Bf4 {[%clk
01:26:11]} {[%emt 00:06:20]} e5 {[%clk 01:27:10]} {[%emt 00:02:47]} 9. Bg3
{[%clk 01:20:58]} {[%emt 00:05:39]} d6 {[%clk 01:25:46]} {[%emt 00:01:58]} 10.
Bc4 {[%clk 01:15:58]} {[%emt 00:05:28]} Nd4 {[%clk 01:14:01]} {[%emt 00:12:16]}
11. f4 {[%clk 00:59:54]} {[%emt 00:16:33]} Nh6 {[%clk 00:59:14]} {[%emt
00:15:18]} 12. f5 {[%clk 00:48:18]} {[%emt 00:12:06]} Qg5 {[%clk 00:56:10]}
{[%emt 00:03:34]} 13. Nd5 {[%clk 00:45:00]} {[%emt 00:03:46]} O-O {[%clk
00:54:22]} {[%emt 00:02:20]} 14. h3 {[%clk 00:41:32]} {[%emt 00:03:58]} b5
{[%clk 00:53:13]} {[%emt 00:01:40]} 15. Be2 {[%clk 00:35:38]} {[%emt 00:06:04]}
Nxe2 {[%clk 00:49:57]} {[%emt 00:04:05]} 16. Qxe2 {[%clk 00:35:04]} {[%emt
00:01:03]} Bb7 {[%clk 00:48:56]} {[%emt 00:01:32]} 17. Rd1 {[%clk 00:32:04]}
{[%emt 00:03:28]} Rfd8 {[%clk 00:45:47]} {[%emt 00:03:41]} 18. Qd2 {[%clk
00:30:38]} {[%emt 00:01:55]} Qxd2+ {[%clk 00:44:14]} {[%emt 00:02:04]} 19. Rxd2
{[%clk 00:30:47]} {[%emt 00:00:21]} f6 {[%clk 00:43:22]} {[%emt 00:01:22]} 20.
Ke2 {[%clk 00:29:07]} {[%emt 00:02:10]} Bxd5 {[%clk 00:43:05]} {[%emt
00:00:49]} 21. Rxd5 {[%clk 00:29:15]} {[%emt 00:00:22]} Bb6 {[%clk 00:42:24]}
{[%emt 00:01:11]} 22. Rhd1 {[%clk 00:28:18]} {[%emt 00:01:26]} Nf7 {[%clk
00:42:06]} {[%emt 00:00:49]} 23. h4 {[%clk 00:27:22]} {[%emt 00:01:25]} Rac8
{[%clk 00:41:18]} {[%emt 00:01:18]} 24. c3 {[%clk 00:26:42]} {[%emt 00:01:10]}
h6 {[%clk 00:37:55]} {[%emt 00:03:55]} 25. Bf2 {[%clk 00:26:39]} {[%emt
00:00:28]} Bxf2 {[%clk 00:37:24]} {[%emt 00:01:05]} 26. Kxf2 {[%clk 00:27:06]}
{[%emt 00:00:03]} Kf8 {[%clk 00:34:33]} {[%emt 00:03:21]} 27. Ke3 {[%clk
00:25:51]} {[%emt 00:01:42]} Ke7 {[%clk 00:34:34]} {[%emt 00:00:32]} 28. Kf3
{[%clk 00:21:35]} {[%emt 00:04:40]} Rh8 {[%clk 00:32:30]} {[%emt 00:02:41]} 29.
Rg1 {[%clk 00:18:35]} {[%emt 00:03:27]} Rc7 {[%clk 00:29:13]} {[%emt 00:03:50]}
30. Rg2 {[%clk 00:12:42]} {[%emt 00:06:21]} Rcc8 {[%clk 00:28:11]} {[%emt
00:01:33]} 31. Rg1 {[%clk 00:11:18]} {[%emt 00:01:53]} Rc7 {[%clk 00:28:33]}
{[%emt 00:00:09]} 32. Rg2 {[%clk 00:09:43]} {[%emt 00:02:06]} Rcc8 {[%clk
00:28:58]} {[%emt 00:00:04]} 33. Rg1 {[%clk 00:08:34]} {[%emt 00:01:35]} Rc7
{[%clk 00:29:23]} {[%emt 00:00:09]} 1/2-1/2